| 000 | 00424nam a2200169Ia 4500 | ||
|---|---|---|---|
| 008 | 230524s9999 xx 000 0 und d | ||
| 020 | _a9789383182183 | ||
| 082 | _bSEL | ||
| 100 | _aV.K. Manicka Selvam | ||
| 245 | 0 | _aFundamentals of Limit Analysis of Structures | |
| 250 | _a1 | ||
| 260 |
_aNew Delhi _bDhanpat Rai _c2014 |
||
| 300 | _a"viii,359p;" | ||
| 500 | _aQuantity Number: 7 | ||
| 650 | _aCivil | ||
| 942 | _cBK | ||
| 999 |
_c55751 _d55751 |
||